| 000 | 01260naa a22003737a 4500 | ||
|---|---|---|---|
| 001 | BR9000339 | ||
| 003 | BR-BrBNA | ||
| 005 | 20240918180601.0 | ||
| 007 | ta | ||
| 008 | 230509b bl.||||| |||| 00| 0 por d | ||
| 040 |
_aBR-BrBNA _bpor _cBiblioteca Nacional de Agricultura |
||
| 041 | _a(Pt) | ||
| 072 |
_aF60 _b1190 _bG514 |
||
| 090 | _aF60 BR9000339 | ||
| 100 | 1 | _aNarain, N. | |
| 100 | 1 | _aBora, P.S. | |
| 100 | 1 | _aHolschuh, H.J. | |
| 100 | 1 | _aVasconcelos, M.A. da S. | |
| 100 | 1 | _aSantos, C.M.G. dos | |
| 111 | 1 |
_a9. Congresso Brasileiro de Fruticultura _cCampinas, SP (Brazil) _d22-27 Nov 1987 |
|
| 245 | 1 | _aCaracterizacao fisica dos frutos da caramboleira oriundos do tropico semi-arido da Paraiba | |
| 260 | 3 |
_aCampinas, SP (Brasil): _c1987. |
|
| 500 | _aAnais do 9. Congresso Brasileiro de Fruticultura Campinas, SP (Brasil): 1987. v. 1 p. 209-214 (BR9000339-AM)F60 | ||
| 650 | _aCARAMBOLA | ||
| 650 | _aFRUTO | ||
| 650 | _aMATURACAO | ||
| 650 | _aMATERIA SECA | ||
| 650 | _aMICROELEMENTO | ||
| 650 | _aABSORCAO | ||
| 650 | _aPARAIBA | ||
| 773 | 0 |
_tAnais do 9. Congresso Brasileiro de Fruticultura _wF60 BR9000339 _gCampinas, SP (Brasil), 1987. v. 1 p. 209-214 |
|
| 909 |
_a202404 _bLucia _c55 _dLucia Elande |
||
| 942 |
_cAM _2AGRIS |
||
| 999 |
_c321180 _d321180 |
||